| 000 | 00496nam a2200169 i 4500 | ||
|---|---|---|---|
| 001 | 70993 | ||
| 003 | ES-MaACL | ||
| 005 | 20230906171003.0 | ||
| 007 | t| | ||
| 008 | 040804s1904 sp ||||1| spa d | ||
| 100 | 1 |
_aGascón y Miramón, Antonio. _955868 |
|
| 245 | 1 | 4 |
_aLos ferrocarriles de Utrillas / _cAntonio Gascón y Miramón. |
| 260 |
_aMadrid : _b[s.n.], _c1904. |
||
| 300 |
_a27 p. ; _c20 cm. |
||
| 594 | _aPrecede al tít.: Boletin minero y comercial. | ||
| 852 |
_aES-MaACL _jT-1078-F-4 |
||
| 999 |
_c70993 _d70993 |
||